[Event "Titled Tuesday intern op 21st May Late"]
[Site "Chess.com INT"]
[Date "2024.05.21"]
[Round "2"]
[White "Amura, Claudia Noemi"]
[Black "Hasangatin, Ramil"]
[Result "0-1"]
[WhiteElo "2167"]
[BlackElo "2444"]
[PlyCount "150"]
[EventDate "2024.05.21"]
[EventType "swiss (blitz)"]
[EventRounds "11"]
[EventCountry "USA"]
[SourceTitle "CB22_2024"]
[SourceDate "2024.05.29"]
[SourceVersion "1"]
[SourceVersionDate "2024.05.29"]
[SourceQuality "1"]

1. d4 d6 2. e4 Nf6 3. Nc3 e5 4. dxe5 dxe5 5. Qxd8+ Kxd8 6. f3 Be6 7. Be3 Bb4 8. 0-0-0+ Nbd7 9. Nge2 c6 10. a3 Ba5 11. Kb1 Kc7 12. b4 Bb6 13. Bc1 a5 14. Ng3 axb4 15. axb4 Ra7 16. Bb2 Rha8 17. Nf5 Bxf5 18. exf5 Bd4 19. Bc4 Rf8 20. Ne4 Bxb2 21. Kxb2 Nxe4 22. fxe4 Nf6 23. Rhe1 Raa8 24. h3 h5 25. Rd3 Rad8 26. Rg3 Rd4 27. Bd3 Rg8 28. c3 Rd7 29. Kc2 h4 30. Rg5 Kd8 31. Bc4 Ke7 32. Re3 Rdd8 33. g4 hxg3 34. Rgxg3 Kf8 35. Rd3 Rxd3 36. Kxd3 Rh8 37. Ke3 Rh4 38. Bd3 Nh5 39. Rf3 Ke7 40. Bf1 Nf6 41. Bd3 Ne8 42. Rg3 Kf6 43. Kf3 Nd6 44. c4 b6 45. Ke3 c5 46. bxc5 bxc5 47. Kf3 Rh8 48. Ke3 Ra8 49. Rg2 Ra3 50. Rc2 Rb3 51. Kd2 Kg5 52. Ra2 Kf4 53. Ra7 f6 54. Rxg7 Nxe4+ 55. Bxe4 Kxe4 56. Rc7 Kxf5 57. Rxc5 Rxh3 58. Rd5 Ke4 59. Rd8 f5 60. c5 Rh7 61. c6 Rc7 62. Rd6 f4 63. Ke2 Kf5 64. Kf2 e4 65. Rd5+ Kg4 66. Rc5 e3+ 67. Ke2 Kg3 68. Rg5+ Kh4 69. Rg6 Re7 70. Rg8 f3+ 71. Kxf3 e2 72. c7 e1Q 73. Rg4+ Kh5 74. c8Q Re3+ 75. Kf4 Qf2# 0-1

[Event "Titled Tuesday intern op 21st May Early"]
[Site "Chess.com INT"]
[Date "2024.05.21"]
[Round "11"]
[White "Amura, Claudia Noemi"]
[Black "Titarov, Vasilii"]
[Result "0-1"]
[WhiteElo "2167"]
[BlackElo "2160"]
[PlyCount "82"]
[EventDate "2024.05.21"]
[EventType "swiss (blitz)"]
[EventRounds "11"]
[EventCountry "USA"]
[SourceTitle "CB22_2024"]
[SourceDate "2024.05.29"]
[SourceVersion "1"]
[SourceVersionDate "2024.05.29"]
[SourceQuality "1"]

1. d4 c6 2. c4 Nf6 3. Nf3 g6 4. e3 Bg7 5. Bd3 0-0 6. 0-0 d5 7. b3 a5 8. Nc3 Bf5 9. Bxf5 gxf5 10. Ba3 Re8 11. Ne5 e6 12. cxd5 Nxd5 13. Nxd5 Qxd5 14. Nc4 Nd7 15. Nd6 Reb8 16. Nc4 b5 17. Nd2 c5 18. Bb2 cxd4 19. exd4 Bxd4 20. Bxd4 Qxd4 21. Nf3 Qxd1 22. Rfxd1 Nc5 23. h3 b4 24. Ne5 a4 25. Nc6 Rb6 26. Nd4 Rba6 27. Rac1 Ne4 28. Nb5 axb3 29. axb3 Ra2 30. f3 Nd2 31. Rc7 Ra1 32. Rxa1 Rxa1+ 33. Kf2 Nxb3 34. Nd6 Nd2 35. Nxf7 b3 36. Ng5 b2 37. Nxh7 b1Q 38. Nf6+ Kf8 39. Nh7+ Ke8 40. Nf6+ Kd8 41. Rd7+ Kc8 0-1

[Event "Titled Tuesday intern op 21st May Early"]
[Site "Chess.com INT"]
[Date "2024.05.21"]
[Round "2"]
[White "Antoniou, Rafail"]
[Black "Amura, Claudia Noemi"]
[Result "0-1"]
[WhiteElo "2053"]
[BlackElo "2167"]
[PlyCount "74"]
[EventDate "2024.05.21"]
[EventType "swiss (blitz)"]
[EventRounds "11"]
[EventCountry "USA"]
[SourceTitle "CB22_2024"]
[SourceDate "2024.05.29"]
[SourceVersion "1"]
[SourceVersionDate "2024.05.29"]
[SourceQuality "1"]

1. Nf3 d5 2. d4 Nf6 3. Bf4 c6 4. e3 Nbd7 5. Nbd2 Ne4 6. Nxe4 dxe4 7. Nd2 Nf6 8. c3 Bf5 9. Bc4 e6 10. h3 h5 11. Qc2 b5 12. Bb3 a5 13. a4 Nd5 14. Bh2 Qg5 15. Kf1 Qg6 16. axb5 cxb5 17. c4 Nb4 18. Qd1 Be7 19. cxb5 0-0 20. b6 Rad8 21. Rxa5 Nd3 22. Nc4 Qg5 23. Ne5 Bd6 24. Nxd3 exd3 25. Bxd6 Rxd6 26. Bc4 Rxb6 27. Bxd3 Bxd3+ 28. Qxd3 Qxa5 29. g3 Rxb2 30. Kg2 Qa2 31. Rf1 Rc8 32. e4 Rcc2 33. Qe3 Rb1 34. Rxb1 Qxb1 35. Qg5 Qb6 36. Qe5 Rd2 37. d5 Qxf2+ 0-1

[Event "Titled Tuesday intern op 21st May Early"]
[Site "Chess.com INT"]
[Date "2024.05.21"]
[Round "6"]
[White "Bilan, Danila"]
[Black "Amura, Claudia Noemi"]
[Result "1-0"]
[WhiteElo "2303"]
[BlackElo "2167"]
[PlyCount "67"]
[EventDate "2024.05.21"]
[EventType "swiss (blitz)"]
[EventRounds "11"]
[EventCountry "USA"]
[SourceTitle "CB22_2024"]
[SourceDate "2024.05.29"]
[SourceVersion "1"]
[SourceVersionDate "2024.05.29"]
[SourceQuality "1"]

1. d4 d5 2. Nf3 Bg4 3. Ne5 Bf5 4. c4 Bxb1 5. Rxb1 e6 6. Qb3 b6 7. g3 c6 8. cxd5 exd5 9. e4 Nf6 10. Bg2 Be7 11. Bg5 0-0 12. Bxf6 Bxf6 13. exd5 Bxe5 14. dxe5 Nd7 15. dxc6 Nxe5 16. 0-0 Qc7 17. f4 Ng4 18. Rbd1 Rad8 19. Rxd8 Rxd8 20. Rd1 h5 21. h3 Nf6 22. Kh2 Re8 23. Qd3 h4 24. Qd6 hxg3+ 25. Kxg3 Qc8 26. c7 Qf5 27. Qd8 Nh5+ 28. Kh2 Qxf4+ 29. Kg1 Qe3+ 30. Kh1 Ng3+ 31. Kh2 Kh7 32. Qd3+ Qxd3 33. Rxd3 Nf1+ 34. Bxf1 1-0

[Event "Titled Tuesday intern op 21st May Early"]
[Site "Chess.com INT"]
[Date "2024.05.21"]
[Round "10"]
[White "Grot, Blazej"]
[Black "Amura, Claudia Noemi"]
[Result "1-0"]
[WhiteElo "2045"]
[BlackElo "2167"]
[PlyCount "79"]
[EventDate "2024.05.21"]
[EventType "swiss (blitz)"]
[EventRounds "11"]
[EventCountry "USA"]
[SourceTitle "CB22_2024"]
[SourceDate "2024.05.29"]
[SourceVersion "1"]
[SourceVersionDate "2024.05.29"]
[SourceQuality "1"]

1. e4 g6 2. Nf3 Bg7 3. c3 c6 4. d4 d6 5. Bc4 b5 6. Bb3 e6 7. Qe2 Ne7 8. 0-0 0-0 9. a4 Bb7 10. Bg5 a6 11. Nbd2 Qc7 12. e5 c5 13. Ne4 dxe5 14. dxe5 c4 15. Bc2 Nbc6 16. Nf6+ Kh8 17. Qe3 Nd5 18. Nxd5 exd5 19. Bf6 Rae8 20. Bxg7+ Kxg7 21. Rfe1 Bc8 22. axb5 axb5 23. Rad1 Be6 24. Qg5 Qe7 25. Qg3 b4 26. Ng5 h6 27. Nf3 bxc3 28. bxc3 Rb8 29. h4 Rb2 30. Rd2 Ra8 31. h5 g5 32. Bd1 Rxd2 33. Nxd2 Ra1 34. f4 d4 35. Ne4 dxc3 36. fxg5 c2 37. Bxc2 Rxe1+ 38. Qxe1 hxg5 39. Qg3 Nxe5 40. Qxe5+ 1-0

[Event "Titled Tuesday intern op 14th May Late"]
[Site "Chess.com INT"]
[Date "2024.05.14"]
[Round "2"]
[White "Cervantes Landeiro, Thalia"]
[Black "Amura, Claudia Noemi"]
[Result "1-0"]
[WhiteElo "2230"]
[BlackElo "2169"]
[PlyCount "95"]
[EventDate "2024.05.14"]
[EventType "swiss (blitz)"]
[EventRounds "11"]
[EventCountry "USA"]
[SourceTitle "CB21_2024"]
[SourceDate "2024.05.22"]
[SourceVersion "1"]
[SourceVersionDate "2024.05.22"]
[SourceQuality "1"]

1. d4 Nf6 2. c4 e6 3. Nf3 c5 4. d5 b5 5. Qc2 bxc4 6. e4 Bb7 7. Bxc4 exd5 8. exd5 Bd6 9. 0-0 0-0 10. Bg5 h6 11. Bh4 Be7 12. Nc3 d6 13. Rfe1 Nbd7 14. Rad1 Re8 15. Bg3 Nf8 16. Bb5 N6d7 17. Ne4 Qb6 18. Bc4 Nf6 19. b3 Nh5 20. Bh4 Bxh4 21. Nxh4 Nf4 22. Nf5 Rad8 23. Qc3 f6 24. Qg3 N4g6 25. Nfxd6 Re5 26. Nxb7 Qxb7 27. Nxc5 Rxe1+ 28. Rxe1 Qb4 29. Nd3 Qd2 30. Qe3 Qxa2 31. h4 Kh8 32. h5 Ne5 33. Nxe5 fxe5 34. Qxe5 Nh7 35. Qe7 Rf8 36. Re2 Qb1+ 37. Kh2 Qf5 38. d6 Qxh5+ 39. Kg1 Qf5 40. d7 Qa5 41. Qxf8+ Nxf8 42. Re8 Qa1+ 43. Kh2 Qf6 44. d8Q Qf4+ 45. Kg1 Qc1+ 46. Bf1 Kh7 47. Rxf8 Qxf1+ 48. Kxf1 1-0

[Event "Buenos Aires FAOGBA op 2nd"]
[Site "Buenos Aires"]
[Date "2024.03.14"]
[Round "3"]
[White "Espinoza Palomino, Willyam"]
[Black "Amura, Claudia Noemi"]
[Result "1-0"]
[WhiteElo "2400"]
[BlackElo "2207"]
[PlyCount "55"]
[EventDate "2024.03.12"]
[EventType "swiss"]
[EventRounds "9"]
[EventCountry "ARG"]
[SourceTitle "CB13_2024"]
[SourceDate "2024.03.27"]
[SourceVersion "1"]
[SourceVersionDate "2024.03.27"]
[SourceQuality "1"]

1. e4 g6 2. d4 Bg7 3. Nc3 d6 4. Be3 a6 5. Qd2 b5 6. h4 h5 7. 0-0-0 Bb7 8. f3 Nd7 9. Nh3 e6 10. Ng5 Ne7 11. a3 c6 12. Ne2 Qc7 13. Nf4 Nf8 14. Qf2 d5 15. g4 a5 16. gxh5 gxh5 17. Rg1 Neg6 18. Ngxe6 fxe6 19. Nxg6 Nxg6 20. Rxg6 Qf7 21. Qg1 Bf8 22. exd5 exd5 23. Re1 0-0-0 24. Qg3 Ba8 25. a4 Re8 26. axb5 Rxe3 27. Bh3+ Kb7 28. bxc6+ 1-0

[Event "Montevideo Duchamp Cup 7th"]
[Site "Montevideo"]
[Date "2024.02.04"]
[Round "4"]
[White "Soto, Nicolas"]
[Black "Amura, Claudia Noemi"]
[Result "0-1"]
[WhiteElo "1991"]
[BlackElo "2196"]
[PlyCount "70"]
[EventDate "2024.02.01"]
[EventType "swiss"]
[EventRounds "9"]
[EventCountry "URU"]
[SourceTitle "CB07_2024"]
[SourceDate "2024.02.14"]
[SourceVersion "1"]
[SourceVersionDate "2024.02.14"]
[SourceQuality "1"]

1. e4 c5 2. Nf3 Nc6 3. b3 e5 4. Bc4 g6 5. Bb2 Bg7 6. 0-0 d6 7. h3 Nf6 8. Re1 0-0 9. c3 Nh5 10. d4 Qc7 11. dxc5 dxc5 12. Nbd2 Nf4 13. Nf1 a6 14. Ne3 Ne7 15. a4 b6 16. Qc2 Rb8 17. Rad1 h6 18. Nh2 Kh8 19. Nhf1 f5 20. f3 b5 21. axb5 axb5 22. Bd5 Nexd5 23. Nxd5 Nxd5 24. Rxd5 fxe4 25. fxe4 Be6 26. Rd2 Qf7 27. c4 bxc4 28. bxc4 Bxc4 29. Ne3 Rb4 30. Nd5 Bxd5 31. exd5 c4 32. Ba3 Qa7+ 33. Kh1 Qxa3 34. Qxg6 c3 35. Rde2 Rbf4 0-1

[Event "Asuncion zt 2.5"]
[Site "Asuncion"]
[Date "2023.03.06"]
[Round "2"]
[White "Amura, Claudia Noemi"]
[Black "Rodriguez Vila, Andres"]
[Result "0-1"]
[WhiteElo "2226"]
[BlackElo "2430"]
[PlyCount "76"]
[EventDate "2023.03.05"]
[EventType "swiss"]
[EventRounds "9"]
[EventCountry "PAR"]
[SourceTitle "CBM 213 Extra"]
[Source "ChessBase"]
[SourceDate "2023.05.31"]
[SourceVersion "1"]
[SourceVersionDate "2023.05.31"]
[SourceQuality "1"]

1. d4 Nf6 2. c4 g6 3. Nc3 Bg7 4. e4 0-0 5. e5 Ne8 6. f4 d6 7. Nf3 dxe5 8. dxe5 Qxd1+ 9. Nxd1 Nc6 10. Bd2 f6 11. exf6 Bxf6 12. Be2 Nd6 13. 0-0 Ne4 14. Be1 Bf5 15. Rc1 Rad8 16. b4 e5 17. Ne3 exf4 18. Nxf5 gxf5 19. c5 Nd4 20. Bc4+ Kg7 21. Kh1 c6 22. Ng1 Bg5 23. Nh3 f3 24. Nxg5 fxg2+ 25. Kxg2 Nxg5 26. Bg3 Rfe8 27. Rcd1 Nc2 28. Rxd8 Rxd8 29. Bf4 Kf6 30. Rf2 Ne1+ 31. Kf1 Ne4 32. Re2 Nf3 33. Kg2 Nh4+ 34. Kh3 Ng6 35. Bc1 Rd4 36. Bb2 Nf4+ 37. Kh4 Nxe2 38. Bxe2 Nc3+ 0-1

[Event "Montevideo Duchamp Cup 4th"]
[Site "Montevideo"]
[Date "2020.02.14"]
[Round "8"]
[White "Coppola, Claudio"]
[Black "Amura, Claudia Noemi"]
[Result "0-1"]
[WhiteElo "2314"]
[BlackElo "2245"]
[PlyCount "102"]
[EventDate "2020.02.08"]
[EventType "swiss"]
[EventRounds "9"]
[EventCountry "URU"]
[SourceTitle "CBM 194 Extra"]
[Source "ChessBase"]
[SourceDate "2020.03.31"]
[SourceVersion "1"]
[SourceVersionDate "2020.03.31"]
[SourceQuality "1"]

1. d4 Nf6 2. c4 e6 3. g3 d5 4. Bg2 dxc4 5. Nf3 a6 6. 0-0 Nc6 7. Bg5 Be7 8. e3 Nd5 9. Bxe7 Ndxe7 10. Qe2 b5 11. b3 cxb3 12. axb3 Rb8 13. Rc1 Rb6 14. Nc3 f5 15. Nd1 Qd6 16. Rc5 0-0 17. Rac1 Nd5 18. Nb2 a5 19. Nd3 Ncb4 20. Nfe5 Bb7 21. Nxb4 axb4 22. Bxd5 Bxd5 23. Qc2 Rb7 24. Ra1 g5 25. f3 f4 26. gxf4 gxf4 27. Kf2 fxe3+ 28. Kxe3 c6 29. Rg1+ Rg7 30. Rxg7+ Kxg7 31. Qg2+ Kh8 32. Qh3 Rf6 33. Qh4 Qf8 34. f4 Qg7 35. Rc1 Rf8 36. Qf2 Rg8 37. Ra1 Qe7 38. Qa2 c5 39. Qa7 Qxa7 40. Rxa7 c4 41. Nf7+ Kg7 42. Ne5+ Kh6 43. Nf7+ Kh5 44. Ne5 h6 45. f5 cxb3 46. Nd3 exf5 47. Ra1 Be4 48. Rb1 Rc8 49. Nf4+ Kg5 50. Rg1+ Kf6 51. Rg6+ Kf7 0-1

[Event "Montevideo zt 2.5 (Women)"]
[Site "Montevideo"]
[Date "2019.04.16"]
[Round "5"]
[White "Amura, Claudia Noemi"]
[Black "Perez Rodriguez, Jennifer"]
[Result "0-1"]
[WhiteElo "2260"]
[BlackElo "2237"]
[PlyCount "104"]
[EventDate "2019.04.13"]
[EventType "swiss"]
[EventRounds "9"]
[EventCountry "URU"]
[SourceTitle "CBM 189 Extra"]
[Source "ChessBase"]
[SourceDate "2019.06.03"]
[SourceVersion "1"]
[SourceVersionDate "2019.06.03"]
[SourceQuality "1"]

1. d4 d5 2. Bg5 f6 3. Bh4 Nh6 4. f4 Nf5 5. Bf2 e6 6. Nf3 c5 7. e3 Qb6 8. Qc1 Bd7 9. Bd3 Bb5 10. 0-0 c4 11. Be2 Nd6 12. c3 Nd7 13. Nbd2 Rc8 14. Qc2 f5 15. Kh1 Nf6 16. Ne5 Nde4 17. Bh4 Bd6 18. Ndf3 0-0 19. Rg1 Be8 20. g4 Nxg4 21. Nxg4 fxg4 22. Rxg4 Bg6 23. Qc1 Bf5 24. Rg1 Qc7 25. Qf1 b5 26. a3 a5 27. Be1 b4 28. axb4 axb4 29. Ng5 Nxg5 30. Rxg5 b3 31. Bg4 Bxg4 32. Rxg4 Ra8 33. Rb1 Qf7 34. Qg2 Ra7 35. Bh4 Rfa8 36. Rg1 g6 37. e4 Ra1 38. Be1 dxe4 39. h4 R1a5 40. Qxe4 Qf5 41. Qe2 Qd5+ 42. R1g2 Be7 43. Kg1 Kf7 44. h5 Rg8 45. R4g3 Qc6 46. Rh3 gxh5 47. Rxg8 Kxg8 48. Rxh5 Rxh5 49. Qxh5 Qe4 50. Qe8+ Bf8 51. Bd2 Qe2 52. f5 Qd1+ 0-1